000 00282nam a2200121Ia 4500
008 190216s9999||||xx |||||||||||||| ||und||
100 _aGeorge Onakkoor
245 0 _aKalthhamara
260 _bNational Book Stall
_c1987
300 _a165p
650 _aMalayalam Novel
942 _cBK
999 _c25862
_d25862